Vallás a keresztény társadalom után tanulmányok Tomka Miklós emlékére

Elmentve itt :
Bibliográfiai részletek
További közreműködők: Földvári Mónika
Nagy Gábor Dániel
Dokumentumtípus: Könyv
Megjelent: Belvedere Meridionale Szeged 2012
Kulcsszavak:Tomka Miklós, Kereszténység - 21. sz. - tanulmányok, Vallástudomány - tanulmányok, Vallásszociológia - tanulmányok
Tárgyszavak:
Online Access:http://acta.bibl.u-szeged.hu/68343
LEADER 00907nam a2200217 i 4500
001 acta68343
005 20240603115441.0
008 200228s2012 hu o 000 hun d
020 |a 978-963-9573-89-5 
040 |a SZTE Egyetemi Kiadványok Repozitórium  |b hun 
041 |a hun 
245 0 0 |a Vallás a keresztény társadalom után   |h [elektronikus dokumentum] :  |b tanulmányok Tomka Miklós emlékére 
260 |a Belvedere Meridionale  |b Szeged  |c 2012 
300 |a 327  |c 24 cm 
561 |a Belvedere Meridionale kötetek 
650 4 |a Bölcsészettudományok 
650 4 |a Filozófia, etika és vallástudományok 
695 |a Tomka Miklós, Kereszténység - 21. sz. - tanulmányok, Vallástudomány - tanulmányok, Vallásszociológia - tanulmányok 
700 0 1 |a Földvári Mónika 
700 0 1 |a Nagy Gábor Dániel 
856 4 0 |u http://acta.bibl.u-szeged.hu/68343/1/2012_tomka_tanulmanyok.pdf  |z Dokumentum-elérés